000 00441nam a2200193Ia 4500
005 20240823022741.0
008 240823s9999||||xx |||||||||||||| ||und||
020 _a81-7809-273-5
041 _aENGLISH
082 _A158 P4
100 _a"Newberry,Tommy"
245 0 _aSuccess is Not An Accident
250 _a1st
260 _c2004
_b"Magna,M"
_aMumbai
500 _aYES
650 _aLife
_bGeneral
942 _cBK
999 _c179913
_d179913